Sacramento Kings: All-Star Selections - Statistics

General Stats
  • This quiz has been taken 172 times
    81 since last reset
  • The average score is 9 of 25
Answer Stats
Amount of Selections Player % Correct
10 Oscar Robertson
96%
1 De'Aaron Fox
93%
1 Domantas Sabonis
89%
4 Chris Webber
78%
3 DeMarcus Cousins
75%
3 Peja Stojackovic
71%
1 Vlade Divac
57%
6 Jerry Lucas
49%
6 Mitch Richmond
49%
3 Tiny Archibald
42%
6 Jack Twyman
28%
1 Brad Miller
26%
1 Adrian Smith
25%
3 Otis Birdsong
18%
3 Maurice Stokes
15%
1 Johnny Green
13%
2 Scott Wedman
13%
4 Bob Davies
11%
1 Sam Lacey
11%
5 Wayne Embry
10%
4 Arnie Risen
7%
5 Bobby Wanzer
7%
1 Jack Coleman
3%
3 Tom Van Arsdale
3%
1 Richie Regan
1%
No matching quizzes found
Score Distribution
Percent of People with Each Score
Percentile by Number Answered
Your Score History
You have not taken this quiz since the last reset